000 00790nam a2200253 i 4500
001 bg
100 1 _aSOBCZAK, Andrzej
245 1 0 _aPlany zarządzania nieruchomościami /
_cAndrzej Sobczak.
260 _aWarszawa :
_b"Poltext",
_c2004.
300 _a212, [3] s. :
_bil. ;
_c24 cm.
490 1 _aNieruchomości
504 _aBibliogr.
650 9 _aNieruchomości
_xzarządzanie
655 _aPodręczniki
830 _aNieruchomości
020 _a8386890916
040 _cBPK
041 0 _apol
080 _a332.6/.7:347.2](07)
920 _a83-86890-91-6
942 _cKS
008 s pl f |000 0 pol
999 _c44401
_d44401
856 _uhttp://koha.tu.koszalin.pl/cgi-bin/koha/opac-detail.pl?biblionumber=44401
_yKatalog online BPK